El tao de Warren Buffett : la sabiduría de un genio /

Uloženo v:
Podrobná bibliografie
Hlavní autor: Buffett, Mary (autor.)
Další autoři: Clark, David, 1955- (autor.)
Médium: E-kniha
Jazyk:španělština
angličtina
Vydáno: Barcelona : Alienta Editorial, 2017.
Vydání:Primera edición en libro electrónico (epub).
Témata:
On-line přístup:https://elibro.unach.elogim.com/es/lc/unach/titulos/291030
Tagy: Přidat tag
Žádné tagy, Buďte první, kdo vytvoří štítek k tomuto záznamu!

MARC

LEADER 00000nam a2200000 i 4500
001 ELB291030
003 FINmELB
005 251223011745.0
006 m o u
007 cr cn|||||||||
008 251222s2017 sp ob 000 f spa d
020 |z 978-84-1344-054-5 
020 |a 9788416928354  |q (epub) 
035 |a (OCoLC)1564681719 
040 |a FINmELB  |b spa  |e rda  |c FINmELB 
041 1 |a spa  |h eng 
050 4 |a HG172.B84  |b B844 2017 
080 |a 929 Buffett, Warren(089.3) 
080 |a 005.322(089.3) 
082 0 4 |a 332.6  |2 23 
100 1 |a Buffett, Mary,  |e autor. 
240 1 4 |a The tao of Warren Buffett.  |l Español 
245 1 3 |a El tao de Warren Buffett :  |b la sabiduría de un genio /  |c Mary Bufffett y David Clark ; traducción, Eurolink, S.L. 
250 |a Primera edición en libro electrónico (epub). 
264 1 |a Barcelona :  |b Alienta Editorial,  |c 2017. 
300 |a 1 recurso en línea 
336 |a texto  |b txt  |2 rdacontent/spa 
337 |a computadora  |b c  |2 rdamedia/spa 
338 |a recurso en línea  |b cr  |2 rdacarrier/spa 
380 |a Novel 
500 |a "Una colección de citas y reflexiones que te descubrirán las estrategias del mayor inversor de nuestra época"--Sobrecubierta. 
504 |a Incluye referencias bibliográficas. 
588 |a Descripción basada en metadatos suministrados por el editor y otras fuentes. 
590 |a Recurso electrónico. Santa Fe, Arg.: elibro, 2025. Disponible vía World Wide Web. El acceso puede estar limitado para las bibliotecas afiliadas a elibro. 
600 1 4 |a Buffett, Warren. 
650 4 |a Éxito en los negocios  |v Máximas y aforismos. 
655 4 |a Libros electrónicos. 
655 4 |a Máximas y aforismos. 
700 1 |a Clark, David,  |d 1955-  |e autor. 
797 2 |a elibro, Corp. 
856 4 0 |u https://elibro.unach.elogim.com/es/lc/unach/titulos/291030